000 00344nam a2200157Ia 4500
008 210210b1908 xxu||||| |||| 00| 0 eng d
041 _aeng
082 _a954/103
100 _aFRAZER (R W)
245 _aBritish India
260 _aLondon
_b-
_c1908
650 _aIndia
650 _aBritish
690 _aIndian History
906 _a025862
999 _c151776
_d151776